000 00334 a2200145 4500
001 168026
020 _a
040 _cMagnum
100 _aOliveira, Ana Cristina Baptistella
240 1 0 _aQual a sua formacao, professor ?
_lpor
245 1 0 _aQual a sua formacao, professor ?
362 0 _a1899
697 _aENSINO
942 _cBK
999 _c168026
_d168026